LIBRARY & INFORMATION CENTRE, KCAET, TAVANUR

ONLINE PUBLIC ACCESS CATALOGUE (OPAC)

Civil engineering drawing / (Record no. 10268)

MARC details
000 -LEADER
fixed length control field 00666cam a2200265ua 4500
020 ## - INTERNATIONAL STANDARD BOOK NUMBER
ISBN 81-7818-002-4
041 ## - LANGUAGE CODE
Language code of text/sound track or separate title eng
082 ## - DEWEY DECIMAL CLASSIFICATION NUMBER
Classification number 604.21
Item number RAJ/CI
100 ## - MAIN ENTRY--AUTHOR NAME
Personal name Rajvir Singh, Malik .
245 ## - TITLE STATEMENT
Title Civil engineering drawing /
250 ## - EDITION STATEMENT
Edition statement 4 /
260 ## - PUBLICATION, DISTRIBUTION, ETC. (IMPRINT)
Place of publication Delhi :
Name of publisher New Asian Publishers ,
Year of publication 1994.
300 ## - PHYSICAL DESCRIPTION
Number of Pages 582 ; .
700 1# - ADDED ENTRY--PERSONAL NAME
Personal name Gurudev Singh, Meo .
942 ## - ADDED ENTRY ELEMENTS (KOHA)
Koha item type Books
Holdings
Withdrawn status Lost status Damaged status Home library Current library Date acquired Full call number Accession Number Koha item type
      KAUAET KAUAET 07/04/2012 604.21 RAJ/CI 19257 Books
      KAUAET KAUAET 07/04/2012 604.21 RAJ/CI 14522 Books
      KAUAET KAUAET 07/04/2012 604.21 RAJ/CI 19771 Books
      KAUAET KAUAET 07/04/2012 604.21 RAJ/CI 14520 Books
      KAUAET KAUAET 07/04/2012 604.21 RAJ/CI 14523 Books
      KAUAET KAUAET 07/04/2012 604.21 RAJ/CI 14524 Books
Withdrawn     KAUAET KAUAET 07/04/2012 604.21 RAJ/CI 14521 Books
free website counter